| 000 | 00542nam a22001937a 4500 | ||
|---|---|---|---|
| 942 | _cBK | ||
| 999 |
_c589 _d589 |
||
| 005 | 20250420134817.0 | ||
| 008 | 200810b ||||| |||| 00| 0 eng d | ||
| 020 | _a9780980232790 | ||
| 040 | _cKCST | ||
| 082 |
_a515.35 _bSt Di |
||
| 100 |
_aStrang, Gilbert _9360 |
||
| 245 |
_a Differential equations and linear algebra / _cGilbert Strang |
||
| 260 |
_aWellesley, Mass : _bWellesley-Cambridge Press, _c2014. |
||
| 300 | _a502 p. | ||
| 650 |
_aDifferential equations _91444 |
||
| 650 |
_aLinear algebra _95005 |
||
| 942 | _2ddc | ||